000 00523nam a2200181Ia 4500
005 20250326125453.0
008 250326s9999 xx 000 0 und d
037 _aTextbook
040 _aFMSL
_beng
_cFMSL
041 _aeng
_2eng
084 _aY:1.73 L9
_qFMSL
100 _aLipset S M
245 0 _aThird century: America as a post-industrial society
_cLipset S M
260 _aCalifornia
_bCalifornia, Hoover Institution
_c1979
300 _a471p
942 _cTB
_hY:1.73 L9
999 _c1278208
_d1278208